| 000 | 01410ngm a22003970a 4500 | ||
|---|---|---|---|
| 001 | PT13381 | ||
| 003 | AR-LpoUNG | ||
| 005 | 20210202000239.0 | ||
| 007 | vd cvaizq | ||
| 008 | 191001s1942||||ag |||||||||||||||||spa d | ||
| 037 | _c$5 | ||
| 037 | _c$6.63 | ||
| 040 |
_aAR-LpoUNG _bspa _cAR-LpoUNG _eaacr |
||
| 041 | _aspa | ||
| 044 | _aag | ||
| 082 | 0 | _a982.03 372gue | |
| 100 | 1 |
_aDemare, Lucas _edir. |
|
| 245 | 1 | 3 | _aLa guerra gaucha |
| 260 |
_aBuenos Aires : _bArte Video, _cnoviembre de 1942. |
||
| 300 | _aVHS (90 min.) : son., col. | ||
| 505 | 0 | _aGuión: Ulyses Petit de Murat, Homero Manzi, fotografía: Bob Roberts, sonido: Lucio Demare. - Con la actuación de Enrique Muiño, Francisco Petrone, Angel Magaña y Sebastián Chiola. | |
| 520 | _aLa guerra gaucha es una epopeya gauchesca en la cual las imágenes tienen un vigor incontenible y nos muestran dentro de un espectacular marco natural la desigual lucha entre el invasor ejército español y la heróica pelea de los gauchos por conseguir la libertad de la patria. | ||
| 650 | 4 | _aANALISIS HISTORICO | |
| 650 | 4 | _aARGENTINA | |
| 650 | 4 | _aDESCOLONIZACION | |
| 650 | 4 | _aESPAÑA | |
| 650 | 4 | _aHISTORIA | |
| 650 | 4 | _aINDEPENDENCIA | |
| 650 | 4 | _aLIBERACION | |
| 650 | 4 | _aMOVIMIENTOS DE LIBERACION NACIONAL | |
| 650 | 4 | _aSOCIEDAD | |
| 653 | _aCINE ARGENTINO | ||
| 653 | _aVIDEOS | ||
| 905 | _a13381 | ||
| 942 | _cVIDEO | ||
| 999 |
_c54443 _d54443 |
||